| 000 | 00897nam a2200265 a 4500 | ||
|---|---|---|---|
| 001 | 1087 | ||
| 003 | CDMR | ||
| 005 | 20151016132401.0 | ||
| 008 | 130130s1999||||||||||||||||||||||||||||d | ||
| 020 | _a8477946256 | ||
| 024 |
_2DL _aB2300299 |
||
| 040 |
_aCDMR _bcat _cCDMR |
||
| 110 | 2 |
_9855 _aAssociació de Dones Periodistes de Catalunya |
|
| 245 | 1 | 3 |
_aEl sexe de la notícia _b: reflexions sobre el gènere a la informació i recomanacions d'estil _c[Elvira Altés, Marta Bach (coordinació), Joana Gallego ... et al.] |
| 260 |
_aBarcelona _c1999 _bDiputació de Barcelona |
||
| 300 | _a125 p. | ||
| 490 | _aD+i | ||
| 650 | 0 | 4 |
_93167 _aEstudis de dones |
| 650 | 0 | 4 |
_93769 _aSexisme en els mitjans de comunicació de massa |
| 650 | 0 | 4 |
_93086 _aPeriodisme _xManuals d'estil |
| 700 | 1 |
_91903 _aAltés, Elvira |
|
| 700 | 1 |
_93047 _aBach, Marta |
|
| 700 | 1 |
_9860 _aGallego Ayala, Juana |
|
| 942 | _cMON | ||
| 999 |
_c1087 _d1087 |
||